| 000 | 00437nam a2200181Ia 4500 | ||
|---|---|---|---|
| 008 | 230524s9999 xx 000 0 und d | ||
| 020 | _a8120311774 | ||
| 082 |
_a4.162 _bLAN |
||
| 100 | _aYedityah Langsam | ||
| 245 | 0 | _aData Structure Using C and C++ | |
| 250 | _a2ND | ||
| 260 |
_aNEW DELHI _bPHI _c2003 |
||
| 300 | _aXVI;672 | ||
| 500 | _aQuantity Number: 9 | ||
| 650 | _aComp-Sc | ||
| 700 | _a Moshe J. Augenstein | ||
| 942 | _cBK | ||
| 999 |
_c6901 _d6901 |
||